NLSUI OPAC header image

Some suggestions on teaching about human rights (Record no. 9641)

MARC details
000 -LEADER
fixed length control field 00415nam a2200157Ia 4500
008 - FIXED-LENGTH DATA ELEMENTS--GENERAL INFORMATION
fixed length control field 160316s1968 xxu||||| |||| 00| 0 eng d
082 ## - DEWEY DECIMAL CLASSIFICATION NUMBER
Classification number 341.481000
Item number KID
100 ## - MAIN ENTRY--PERSONAL NAME
Personal name Kidd Sheila
245 ## - TITLE STATEMENT
Title Some suggestions on teaching about human rights
250 ## - EDITION STATEMENT
Edition statement
260 ## - PUBLICATION, DISTRIBUTION, ETC.
Place of publication, distribution, etc. Geneva
Name of publisher, distributor, etc. UNESCO
Date of publication, distribution, etc. 1968
300 ## - PHYSICAL DESCRIPTION
Extent 154
Other physical details
Dimensions
365 ## - TRADE PRICE
Price amount
650 ## - SUBJECT ADDED ENTRY--TOPICAL TERM
Topical term or geographic name entry element 1.International Law - Human Rights - Training Manual
700 ## - ADDED ENTRY--PERSONAL NAME
Personal name
--
Holdings
Withdrawn status Lost status Damaged status Not for loan Home library Current library Shelving location Date acquired Total Checkouts Full call number Barcode Date last seen Price effective from Koha item type
        . . Library Compactors 30.05.2017   341.481 KID 9916 30.05.2017 30.05.2017 BOOKs